[Event "World Blitz Women 2017"]
[Site "Riyadh KSA"]
[Date "2017.12.30"]
[Round "14.10"]
[White "Skripchenko, Almira"]
[Black "Vo, Thi Kim Phung"]
[Result "1-0"]
[WhiteTitle "IM"]
[BlackTitle "WGM"]
[WhiteElo "2403"]
[BlackElo "2380"]
[WhiteFideId "13900145"]
[BlackFideId "12401838"]
[EventDate "2017.12.29"]

1. e4 e6 2. d4 d5 3. exd5 exd5 4. Nf3 Nf6 5. c4 Bg4 6. h3 Bf5 7. Nc3 c6 8. Be2
Be7 9. O-O O-O 10. Bf4 Nbd7 11. cxd5 Nxd5 12. Nxd5 cxd5 13. Ne5 Nf6 14. Qb3 Qb6
15. Qxb6 axb6 16. Rfc1 Rfc8 17. a3 h6 18. Nd3 Ne4 19. Be3 Nd6 20. Ne5 f6 21. Nd3
Bxd3 22. Bxd3 Nc4 23. Bf5 Rc6 24. Bd7 Rd6 25. Bb5 Nxb2 26. Rc7 Bd8 27. Rxb7 Re6
28. a4 Re7 29. Rxe7 Bxe7 30. Rc1 Rd8 31. Rc7 Bd6 32. Rb7 Nc4 33. Bxc4 dxc4 34.
Rxb6 Bf8 35. Rc6 Rb8 36. Rxc4 Rb1+ 37. Kh2 Ra1 38. Kg3 Kf7 39. d5 Bd6+ 40. Kf3
Rd1 41. Rd4 Ra1 42. Ke2 Ra2+ 43. Kd3 Be5 44. Rc4 Ra3+ 45. Ke2 Ra2+ 46. Kf3 Bd6
47. h4 h5 48. g3 Ra3 49. Ke2 Ra2+ 50. Kd3 Ra3+ 51. Ke4 Ra1 52. Bf4 Re1+ 53. Kf3
Be7 54. Rc7 Kf8 55. d6 Bd8 56. Rd7 Ke8 57. Rxg7 Ra1 58. Rh7 Ra3+ 59. Kg2 Rxa4
60. Rxh5 Ra2 61. Rh7 Bb6 62. Kh3 Rxf2 63. Kg4 Re2 64. h5 Rh2 65. h6 Kf8 66. d7
Kg8 67. Rg7+ Kf8 68. Kf5 Re2 69. Kg6 f5 70. Bd6+ 1-0

[Event "World Blitz Women 2017"]
[Site "Riyadh KSA"]
[Date "2017.12.30"]
[Round "14.11"]
[White "Belenkaya, Dina"]
[Black "Javakhishvili, Lela"]
[Result "0-1"]
[WhiteTitle "WGM"]
[BlackTitle "IM"]
[WhiteElo "2303"]
[BlackElo "2449"]
[WhiteFideId "24142654"]
[BlackFideId "13601458"]
[EventDate "2017.12.29"]

1. e4 d6 2. d4 Nf6 3. Nc3 g6 4. Be3 c6 5. Qd2 Nbd7 6. Nf3 Bg7 7. Bd3 e5 8. dxe5
dxe5 9. Bh6 O-O 10. O-O Qe7 11. Bxg7 Kxg7 12. Qe2 Nc5 13. Bc4 b5 14. Bd3 b4 15.
Nd1 a5 16. Ne3 Nh5 17. Nc4 f6 18. Qe3 Ba6 19. Rfd1 Nxd3 20. Qxd3 Rfd8 21. Qf1
Qc5 22. b3 Nf4 23. g3 Ne6 24. a3 bxa3 25. Nfd2 Nd4 26. Rdc1 a4 27. Kg2 Bb5 28.
Qe1 Qb4 29. Nxa3 axb3 30. c3 Qe7 31. Nxb5 Rxa1 32. Rxa1 Nc2 33. Ra7 Nxe1+ 34.
Kf1 Rd7 35. Rxd7 Qxd7 36. Kxe1 cxb5 37. Nxb3 Qd3 38. Nd2 Qxc3 39. Ke2 b4 40. Ke1
b3 0-1

[Event "World Blitz Women 2017"]
[Site "Riyadh KSA"]
[Date "2017.12.30"]
[Round "14.12"]
[White "Buksa, Nataliya"]
[Black "Zhukova, Natalia"]
[Result "1-0"]
[WhiteTitle "WGM"]
[BlackTitle "GM"]
[WhiteElo "2385"]
[BlackElo "2444"]
[WhiteFideId "14123622"]
[BlackFideId "14101513"]
[EventDate "2017.12.29"]

1. d4 Nf6 2. Nc3 d5 3. Bf4 a6 4. e3 e6 5. Bd3 Bd6 6. Nge2 O-O 7. O-O c5 8. dxc5
Bxc5 9. Nd4 Nc6 10. Nf3 Bd6 11. Bg5 h6 12. Bh4 Be7 13. Qe2 e5 14. Bxf6 Bxf6 15.
e4 d4 16. Nd5 Bg4 17. h3 Bh5 18. Rad1 Qd6 19. g4 Bg6 20. Nxf6+ Qxf6 21. Ne1 Nd8
22. Ng2 Ne6 23. f4 Nxf4 24. Nxf4 exf4 25. e5 Qh4 26. Bxg6 fxg6 27. Qf3 Rad8 28.
Rfe1 Qg5 29. Re4 Rd5 30. e6 Re8 31. Rde1 Re7 32. Rxf4 Re5 33. Rf1 R5xe6 34. Rxd4
Rf6 35. Qg2 Qc5 36. c3 Rd7 37. Rxf6 Rxd4 38. cxd4 Qxd4+ 39. Rf2 Qd1+ 40. Kh2
Qd6+ 41. Qg3 Qd5 42. Qf3 Qe5+ 43. Kg2 Kh7 44. a3 Qd4 45. Qf4 Qd5+ 46. Kg3 Qd3+
47. Qf3 Qd4 48. Kg2 Qe5 49. Re2 Qd4 50. Qe3 Qd5+ 51. Qe4 Qd1 52. h4 1-0

[Event "World Blitz Women 2017"]
[Site "Riyadh KSA"]
[Date "2017.12.30"]
[Round "14.13"]
[White "Ushenina, Anna"]
[Black "Gaponenko, Inna"]
[Result "1-0"]
[WhiteTitle "GM"]
[BlackTitle "IM"]
[WhiteElo "2416"]
[BlackElo "2435"]
[WhiteFideId "14110911"]
[BlackFideId "14101181"]
[EventDate "2017.12.29"]

1. d4 d6 2. Nf3 g6 3. g3 Bg7 4. Bg2 Nf6 5. O-O O-O 6. c4 Nc6 7. Nc3 Bf5 8. d5
Na5 9. Nh4 Bd7 10. Qd3 c5 11. Bd2 a6 12. b3 Rb8 13. Rac1 b5 14. Nd1 b4 15. e4
Nb7 16. f4 e6 17. h3 exd5 18. exd5 Re8 19. Nf2 a5 20. Rce1 Qc7 21. f5 Rxe1 22.
Rxe1 Re8 23. Rf1 a4 24. g4 axb3 25. axb3 Bc8 26. Bg5 h6 27. Bc1 g5 28. Nf3 Nd7
29. h4 gxh4 30. Nxh4 Ne5 31. Qh3 Nd8 32. Ne4 f6 33. Ng6 Ndf7 34. Nf4 Ng5 35.
Nxg5 fxg5 36. Ne6 Qe7 37. f6 Bxf6 38. Qxh6 Bxe6 39. Rxf6 Bf7 40. Qxg5+ Kf8 1-0

[Event "World Blitz Women 2017"]
[Site "Riyadh KSA"]
[Date "2017.12.30"]
[Round "14.14"]
[White "Cornette, Deimante"]
[Black "Hoang, Thanh Trang"]
[Result "1-0"]
[WhiteTitle "IM"]
[BlackTitle "GM"]
[WhiteElo "2439"]
[BlackElo "2439"]
[WhiteFideId "12802859"]
[BlackFideId "12400149"]
[EventDate "2017.12.29"]

1. e4 e6 2. d4 d5 3. Nd2 Be7 4. e5 c5 5. c3 Nc6 6. Bd3 Qb6 7. Ndf3 Bd7 8. Ne2
cxd4 9. cxd4 f6 10. O-O Nh6 11. Rb1 Nf7 12. Bf4 fxe5 13. dxe5 g5 14. Be3 Qc7 15.
Rc1 g4 16. Nfd4 Qxe5 17. Nxc6 bxc6 18. Bd4 Qg5 19. Bxh8 Nxh8 20. Nd4 e5 21. Nxc6
Bd6 22. Re1 Nf7 23. Na5 Kf8 24. Nb7 Bb4 25. Re2 e4 26. Bb1 Rb8 27. Nc5 Bb5 28.
Ne6+ Ke7 29. Nxg5 Bxe2 30. Qxe2 Nxg5 31. Qxg4 h6 32. Rc7+ Kf6 33. Qf4+ Kg6 34.
h4 Ne6 35. Qf7# 1-0

[Event "World Blitz Women 2017"]
[Site "Riyadh KSA"]
[Date "2017.12.30"]
[Round "14.15"]
[White "Harika, Dronavalli"]
[Black "Batchimeg, Tuvshintugs"]
[Result "1-0"]
[WhiteTitle "GM"]
[BlackTitle "IM"]
[WhiteElo "2504"]
[BlackElo "2398"]
[WhiteFideId "5015197"]
[BlackFideId "4900839"]
[EventDate "2017.12.29"]

1. c4 Nf6 2. Nc3 g6 3. g3 Bg7 4. Bg2 O-O 5. e4 d6 6. Nge2 e5 7. O-O Nc6 8. d3
Bg4 9. h3 Be6 10. Kh2 Nd7 11. Be3 Nd4 12. Qd2 Nxe2 13. Nxe2 c6 14. b3 f5 15.
Rad1 Nf6 16. f4 exf4 17. Nxf4 Bd7 18. Rde1 fxe4 19. dxe4 Qe7 20. Bd4 Ne8 21.
Bxg7 Qxg7 22. c5 dxc5 23. e5 Qe7 24. e6 Bc8 25. Rf2 Nc7 26. Rfe2 Rd8 27. Qc3 Nd5
28. Nxd5 cxd5 29. Re5 b6 30. Bxd5 Rb8 31. Qf3 Bb7 32. Qf7+ Qxf7 33. exf7+ Kg7
34. Re8 1-0

[Event "World Blitz Women 2017"]
[Site "Riyadh KSA"]
[Date "2017.12.30"]
[Round "14.16"]
[White "Stefanova, Antoaneta"]
[Black "Guo, Qi"]
[Result "1/2-1/2"]
[WhiteTitle "GM"]
[BlackTitle "IM"]
[WhiteElo "2500"]
[BlackElo "2396"]
[WhiteFideId "2902257"]
[BlackFideId "8604002"]
[EventDate "2017.12.29"]

1. Nf3 d5 2. e3 c5 3. b3 Nf6 4. Bb2 g6 5. c4 Bg7 6. cxd5 O-O 7. Bc4 Nxd5 8. Bxg7
Kxg7 9. d4 Nb6 10. Be2 cxd4 11. Qxd4+ f6 12. O-O Nc6 13. Qh4 Be6 14. Nc3 Bf7 15.
Rfd1 Qc8 16. Rac1 Rd8 17. Nd4 Nxd4 18. exd4 Qd7 19. Bf3 Nd5 20. Qe4 Rac8 21.
Nxd5 Rxc1 22. Rxc1 Bxd5 23. Qxd5 Qxd5 24. Bxd5 Rxd5 25. Rc7 Kf7 26. Rxb7 Rxd4
27. g3 a5 28. a4 Rd3 29. Rb5 h5 30. h4 e5 31. Kf1 e4 32. Ke2 f5 33. Rxa5 Rxb3
34. Ra6 Rb2+ 35. Kf1 Rb1+ 36. Ke2 Rb2+ 37. Ke3 Rb3+ 38. Ke2 Rb2+ 1/2-1/2

[Event "World Blitz Women 2017"]
[Site "Riyadh KSA"]
[Date "2017.12.30"]
[Round "14.18"]
[White "Paehtz, Elisabeth"]
[Black "Socko, Monika"]
[Result "1-0"]
[WhiteTitle "IM"]
[BlackTitle "GM"]
[WhiteElo "2464"]
[BlackElo "2471"]
[WhiteFideId "4641833"]
[BlackFideId "1106619"]
[EventDate "2017.12.29"]

1. d4 Nf6 2. c4 e6 3. Nc3 Bb4 4. e3 O-O 5. Bd3 d5 6. a3 Be7 7. Nge2 b6 8. cxd5
exd5 9. O-O Ba6 10. Nf4 Bxd3 11. Qxd3 c6 12. b4 Qd7 13. b5 cxb5 14. Qxb5 Rd8 15.
Qxd7 Rxd7 16. a4 Nc6 17. Ba3 Bxa3 18. Rxa3 a5 19. Rb1 Nb4 20. Na2 Rc7 21. g3 g5
22. Nd3 Nxd3 23. Rxd3 Ne4 24. f3 Rc2 25. fxe4 Rxa2 26. exd5 Rc8 27. d6 Rc6 28.
d7 Rd6 29. Rxb6 Rxd7 30. Rb5 Rxa4 31. Rxg5+ Kf8 32. Rd2 Ra1+ 33. Kf2 a4 34. Ra5
Rb7 35. Kf3 Ke7 36. Ke4 Rb3 37. Rd3 Rb6 38. d5 Kd6 39. Kf5 Rf1+ 40. Kg5 Rf2 41.
Rxa4 Rxh2 42. Rf4 h6+ 43. Kf6 Rg2 44. e4 Kc5+ 45. Kxf7 Ra2 46. d6 Rxd6 47. Rf5+
Kc6 48. Rxd6+ Kxd6 49. e5+ Kc6 50. e6 Kd6 51. e7 Ra7 52. Rf6+ Ke5 53. Re6+ Kf5
54. Re3 Kg4 55. Kf8 1-0

[Event "World Blitz Women 2017"]
[Site "Riyadh KSA"]
[Date "2017.12.30"]
[Round "14.19"]
[White "Mkrtchian, Lilit"]
[Black "Goryachkina, Aleksandra"]
[Result "0-1"]
[WhiteTitle "IM"]
[BlackTitle "WGM"]
[WhiteElo "2376"]
[BlackElo "2486"]
[WhiteFideId "13300601"]
[BlackFideId "4147103"]
[EventDate "2017.12.29"]

1. c4 Nf6 2. Nc3 e5 3. Nf3 Nc6 4. g3 Bb4 5. Bg2 O-O 6. O-O d6 7. d3 Bxc3 8. bxc3
h6 9. e4 a6 10. a4 Bd7 11. Ne1 Rb8 12. f4 b5 13. axb5 axb5 14. cxb5 Rxb5 15. f5
Rb8 16. Nc2 d5 17. exd5 Ne7 18. Ne3 c6 19. d6 Ned5 20. c4 Nb4 21. c5 Rb5 22. Ba3
Nbd5 23. Nc4 Re8 24. Re1 Bxf5 25. Nxe5 Qc8 26. d4 Be6 27. Bf1 Rb8 28. Bc1 Nd7
29. Ba6 Rb7 30. Rb1 Rxb1 31. Bxc8 Rxc8 32. Qc2 Rbb8 33. Bd2 Nxe5 34. dxe5 Ra8
35. Rb1 h5 36. Qd3 h4 37. gxh4 Ra4 38. h5 Rg4+ 39. Kf2 Ra8 40. Rg1 Rh4 41. h6
Rxh2+ 42. Rg2 Rxg2+ 43. Kxg2 Ra2 44. Kf3 Rb2 45. hxg7 Nb4 46. Qd4 Bd5+ 47. Kf4
Rb3 48. e6 Rf3+ 49. Kg4 Nd3 50. Qxd5 cxd5 51. Kxf3 fxe6 52. Ke3 Nxc5 53. Kd4 Nd7
54. Bg5 Kxg7 55. Be7 Kf7 56. Kc3 Ke8 57. Kd4 Kf7 58. Kc3 Ne5 59. Kd4 Nc6+ 60.
Kc5 Ne5 61. Kb6 Ke8 62. Kc5 Ng6 63. Bf6 Kd7 64. Bg7 Nf4 65. Bf8 Nd3+ 66. Kd4 Nb4
67. Ke5 Nc6+ 68. Kf6 Nd4 69. Ke5 Nb5 70. Be7 Na7 71. Kf4 Nc6 72. Bf8 Nd8 73. Be7
Nf7 74. Ke3 Nxd6 75. Bf8 Nc4+ 76. Kd4 Nb6 77. Kc5 Nc8 78. Bg7 Ne7 79. Ba1 Nf5
80. Bb2 Ne3 81. Kd4 Nc4 82. Bc3 Nd6 83. Ke5 Nb5 84. Bb2 Nc7 85. Bd4 Nb5 86. Bb2
Nd6 87. Bd4 Nf7+ 88. Kf6 Nd6 89. Ke5 Nc4+ 90. Kf6 Kd6 91. Bc3 e5 92. Bb4+ Kc6
93. Kf5 e4 94. Kf4 Kb5 95. Bc3 Na3 96. Ke5 Kc4 97. Bb2 Nc2 98. Kf4 Kd3 99. Ke5
d4 100. Kf4 e3 0-1

[Event "World Blitz Women 2017"]
[Site "Riyadh KSA"]
[Date "2017.12.30"]
[Round "14.21"]
[White "Saduakassova, Dinara"]
[Black "Girya, Olga"]
[Result "1-0"]
[WhiteTitle "IM"]
[BlackTitle "WGM"]
[WhiteElo "2460"]
[BlackElo "2484"]
[WhiteFideId "13700090"]
[BlackFideId "4195752"]
[EventDate "2017.12.29"]

1. d4 d5 2. c4 e6 3. Nf3 Nf6 4. g3 Be7 5. Bg2 O-O 6. O-O Nbd7 7. Qc2 c6 8. Bf4
Nh5 9. Bd2 f5 10. Nc3 Nhf6 11. Ng5 Nb8 12. Bf4 h6 13. Nf3 g5 14. Bxb8 Rxb8 15.
Ne5 Kg7 16. f3 dxc4 17. Rad1 Bd7 18. e4 b5 19. exf5 exf5 20. d5 cxd5 21. Nxd5
Nxd5 22. Rxd5 Qb6+ 23. Kh1 Be6 24. Rd2 Rbd8 25. Re2 Bf6 26. f4 Bc8 27. Rfe1 Bb7
28. Qxf5 Bxg2+ 29. Rxg2 Bxe5 30. Qxe5+ Qf6 31. Qxb5 Rd4 32. Rge2 Rf7 33. fxg5
hxg5 34. Qe5 Rb7 35. Qxf6+ Kxf6 36. Kg2 Rd5 37. Rc2 Rdb5 38. Ree2 Rb4 39. Kf3
Ra4 40. a3 c3 41. Rxc3 Ra6 42. Kg2 Rd6 43. Rf3+ Kg6 44. Rc3 a5 45. Rec2 Rdb6 46.
Rc6+ Kg7 47. Rxb6 Rxb6 48. Kh3 Kg6 49. Kg4 a4 50. h4 gxh4 51. Kxh4 Kh6 52. Rc4
Rxb2 53. Rxa4 Rb6 54. Rb4 Rc6 55. a4 Rc1 56. Rb6+ Kg7 57. Ra6 Ra1 58. Kg5 Rc1
59. Ra7+ Kg8 60. a5 Rc5+ 61. Kf6 Rc6+ 62. Ke5 Rc1 63. a6 Ra1 64. Kd6 Rd1+ 65.
Kc6 Rc1+ 66. Kb7 Rb1+ 67. Ka8 Ra1 68. g4 Ra5 69. Kb8 Kf8 70. Kb7 Ra1 71. Ra8+
Kg7 72. Rc8 Rb1+ 73. Ka8 Kf6 74. a7 Ke6 75. Rb8 Rh1 76. Kb7 Rb1+ 77. Kc7 1-0

[Event "World Blitz Women 2017"]
[Site "Riyadh KSA"]
[Date "2017.12.30"]
[Round "14.23"]
[White "Bulmaga, Irina"]
[Black "Pham, Le Thao Nguyen"]
[Result "0-1"]
[WhiteTitle "IM"]
[BlackTitle "IM"]
[WhiteElo "2427"]
[BlackElo "2354"]
[WhiteFideId "13903063"]
[BlackFideId "12401226"]
[EventDate "2017.12.29"]

1. e4 c5 2. Nf3 e6 3. d4 cxd4 4. Nxd4 a6 5. Nc3 Qc7 6. Bd3 Nc6 7. Nxc6 dxc6 8.
O-O e5 9. f4 Nf6 10. Kh1 Bd6 11. f5 h6 12. Qf3 b6 13. a4 a5 14. Qg3 Rg8 15. Be3
Bb7 16. h3 O-O-O 17. Qf2 Nd7 18. Bc4 Rdf8 19. Rad1 Bc5 20. Rd2 Bxe3 21. Qxe3 Nc5
22. b3 Rd8 23. Rfd1 Rxd2 24. Qxd2 Rh8 25. Qe3 f6 26. Ne2 Rd8 27. Nc3 Rd6 28. Kh2
Rd4 29. Qe2 Qd6 30. Kh1 Rxd1+ 31. Nxd1 Nxe4 32. Qxe4 Qxd1+ 33. Kh2 Kc7 34. Bd3
Qd2 35. Qc4 Qf4+ 36. Qxf4 exf4 37. Kg1 Kd6 38. Kf2 c5 39. g3 Ke5 40. g4 Kd4 41.
h4 Be4 42. Bb5 Bxc2 43. Bc4 Be4 44. Be6 Kc3 45. Bg8 Kb4 46. Ke2 b5 47. axb5 Kxb5
48. Bc4+ Kb4 49. Kd2 Bf3 50. g5 hxg5 51. hxg5 fxg5 52. Kd3 Bc6 53. Be6 g4 54.
Ke2 g3 55. Kf1 f3 56. Bc4 Bb5 0-1

[Event "World Blitz Women 2017"]
[Site "Riyadh KSA"]
[Date "2017.12.30"]
[Round "14.24"]
[White "Batsiashvili, Nino"]
[Black "Zawadzka, Jolanta"]
[Result "0-1"]
[WhiteTitle "IM"]
[BlackTitle "WGM"]
[WhiteElo "2502"]
[BlackElo "2424"]
[WhiteFideId "13602993"]
[BlackFideId "1122320"]
[EventDate "2017.12.29"]

1. d4 d5 2. Bf4 Nf6 3. e3 c5 4. c3 Nc6 5. Nd2 cxd4 6. exd4 Bf5 7. Qb3 Qc8 8.
Ngf3 e6 9. Nh4 Be4 10. Nxe4 dxe4 11. g3 Be7 12. Ng2 Nd5 13. Bd2 O-O 14. Be2 a6
15. O-O b5 16. f3 exf3 17. Bxf3 Qd7 18. Rae1 Rac8 19. a3 Na5 20. Qd1 Nc4 21. Bc1
h6 22. Bg4 Rcd8 23. Qe2 Bd6 24. Nh4 Rde8 25. Qd3 f5 26. Bh5 Rd8 27. Ng6 Rf6 28.
b3 Ncb6 29. Ne5 Bxe5 30. Rxe5 Qc7 31. Bb2 f4 32. Bd1 Ne3 33. Qe4 Nxf1 34. Bc2 g6
35. Rxe6 Qf7 36. Re7 Qf8 37. gxf4 Nd2 38. Qe3 Nd5 39. Qxd2 Qxe7 40. c4 Nxf4 41.
d5 Ne2+ 42. Kg2 Rf4 43. Qd3 Qg5+ 44. Kh3 Ng1# 0-1

[Event "World Blitz Women 2017"]
[Site "Riyadh KSA"]
[Date "2017.12.30"]
[Round "14.25"]
[White "Munguntuul, Batkhuyag"]
[Black "Cori T., Deysi"]
[Result "0-1"]
[WhiteTitle "IM"]
[BlackTitle "WGM"]
[WhiteElo "2397"]
[BlackElo "2389"]
[WhiteFideId "4900758"]
[BlackFideId "3801934"]
[EventDate "2017.12.29"]

1. e4 c5 2. Nf3 e6 3. d4 cxd4 4. Nxd4 a6 5. Nc3 Qc7 6. Bd3 Nf6 7. O-O Nc6 8.
Nxc6 dxc6 9. f4 e5 10. f5 h5 11. a4 Bd7 12. Kh1 Rd8 13. Be3 c5 14. Qe2 Bc6 15.
Bg5 Be7 16. a5 h4 17. Bxf6 Bxf6 18. Bc4 h3 19. g3 Rd4 20. Nd5 Qd6 21. Rfe1 Bxd5
22. Bxd5 O-O 23. c3 Rxd5 24. exd5 Qxd5+ 25. Qe4 Qb3 26. Rab1 Rd8 27. Qg4 Rd2 28.
Qxh3 Qd5+ 29. Kg1 c4 30. Qg4 Qg2# 0-1

[Event "World Blitz Women 2017"]
[Site "Riyadh KSA"]
[Date "2017.12.30"]
[Round "14.26"]
[White "Sukandar, Irine Kharisma"]
[Black "Mamedjarova, Turkan"]
[Result "1-0"]
[WhiteTitle "IM"]
[BlackTitle "WGM"]
[WhiteElo "2384"]
[BlackElo "2260"]
[WhiteFideId "7101937"]
[BlackFideId "13402005"]
[EventDate "2017.12.29"]

1. e4 e5 2. Nf3 Nc6 3. Bb5 a6 4. Ba4 Nf6 5. d4 exd4 6. O-O Be7 7. Re1 O-O 8. e5
Nd5 9. Bb3 Nb6 10. Nxd4 d5 11. Nxc6 bxc6 12. c3 Bc5 13. Bc2 Qh4 14. Be3 Be7 15.
Nd2 Bg4 16. f3 Be6 17. Bf2 Qh6 18. Nf1 Bg5 19. g3 Bh3 20. f4 Be7 21. Ne3 Rad8
22. Nf5 Bxf5 23. Bxf5 c5 24. Qf3 Nc4 25. Re2 Kh8 26. Bd3 Nb6 27. f5 d4 28. c4
Bg5 29. h4 Be3 30. Kg2 Bxf2 31. Qxf2 Qc6+ 32. Kh3 Rfe8 33. Qf4 f6 34. e6 Re7 35.
g4 Na4 36. g5 Rf8 37. Rg1 Nb6 38. Rf2 Nc8 39. h5 fxg5 40. Qxg5 Qd6 41. h6 g6 42.
fxg6 Rxf2 43. g7+ Kg8 44. Bxh7+ 1-0

[Event "World Blitz Women 2017"]
[Site "Riyadh KSA"]
[Date "2017.12.30"]
[Round "14.27"]
[White "Gevorgyan, Maria"]
[Black "Zatonskih, Anna"]
[Result "0-1"]
[WhiteTitle "WIM"]
[BlackTitle "IM"]
[WhiteElo "2275"]
[BlackElo "2452"]
[WhiteFideId "13300270"]
[BlackFideId "14101572"]
[EventDate "2017.12.29"]

1. e4 d5 2. exd5 Qxd5 3. Nc3 Qd6 4. d4 c6 5. Nf3 Bg4 6. h3 Bxf3 7. Qxf3 Qxd4 8.
Be3 Qb4 9. O-O-O Nf6 10. g4 e6 11. g5 Nd5 12. Nxd5 cxd5 13. h4 Nc6 14. h5 Ne5
15. Qe2 Bd6 16. Bd4 Nc4 17. Bxg7 Rg8 18. Bc3 Qb6 19. Rh4 Rc8 20. g6 hxg6 21.
hxg6 Rxg6 22. Rxd5 Na3 23. Ra4 Rxc3 24. Rxd6 Qxd6 25. bxc3 Rg1 26. Rd4 Qc5 27.
Kd2 Nb1+ 28. Ke3 Nxc3 29. Qd3 Qe5+ 30. Kd2 Nd5 31. Bh3 Qe1# 0-1

[Event "World Blitz Women 2017"]
[Site "Riyadh KSA"]
[Date "2017.12.30"]
[Round "14.28"]
[White "Zhu, Chen"]
[Black "Gvetadze, Sofio"]
[Result "1-0"]
[WhiteTitle "GM"]
[BlackTitle "IM"]
[WhiteElo "2423"]
[BlackElo "2289"]
[WhiteFideId "8600546"]
[BlackFideId "13601440"]
[EventDate "2017.12.29"]

1. e4 Nf6 2. e5 Nd5 3. d4 d6 4. Nf3 dxe5 5. Nxe5 c6 6. Bd3 Nd7 7. Nxd7 Bxd7 8.
O-O g6 9. c3 Bg7 10. Re1 O-O 11. Na3 b5 12. Nc2 Qc7 13. Qf3 a6 14. a4 e6 15. Bg5
c5 16. Be4 Bc6 17. dxc5 Bb7 18. axb5 axb5 19. Bxd5 Bxd5 20. Qe3 Rac8 21. Nb4 Ba8
22. Bf4 Qd8 23. Bd6 Re8 24. Ra7 Qh4 25. Rea1 Qg4 26. Qg3 Qc4 27. h3 Be4 28. f3
Bf5 29. Kh2 h5 30. c6 Red8 31. Bf4 Rxc6 32. Nxc6 Qxc6 33. Be5 Bf8 34. Qg5 Rd5
35. Qf6 Rxe5 36. Qxf7+ 1-0

[Event "World Blitz Women 2017"]
[Site "Riyadh KSA"]
[Date "2017.12.30"]
[Round "14.29"]
[White "Shuvalova, Polina"]
[Black "Hoolt, Sarah"]
[Result "1-0"]
[WhiteTitle "WIM"]
[BlackTitle "WGM"]
[WhiteElo "2385"]
[BlackElo "2405"]
[WhiteFideId "24171760"]
[BlackFideId "24606812"]
[EventDate "2017.12.29"]

1. d4 Nf6 2. c4 e6 3. g3 d5 4. Bg2 Be7 5. Nf3 O-O 6. O-O c6 7. Qc2 b6 8. Nbd2
Bb7 9. e4 Na6 10. exd5 cxd5 11. Ne5 Rc8 12. a3 Ba8 13. b3 dxc4 14. Bxa8 cxb3 15.
Qd3 Rxa8 16. Nc6 Nc5 17. Nxe7+ Kh8 18. Qe3 b2 19. Bxb2 Na4 20. Nc6 Qe8 21. Rfc1
Nxb2 22. Qb3 Rc8 23. Nxa7 Ra8 24. Nb5 Na4 25. Nc7 Qd8 26. Nxa8 Qxd4 27. Nf3 Qg4
28. Rc4 Qxf3 29. Qxf3 1-0

[Event "World Blitz Women 2017"]
[Site "Riyadh KSA"]
[Date "2017.12.30"]
[Round "14.30"]
[White "Ding, Yixin"]
[Black "Hoang, Thi Bao Tram"]
[Result "0-1"]
[WhiteTitle "WGM"]
[BlackTitle "WGM"]
[WhiteElo "2424"]
[BlackElo "2410"]
[WhiteFideId "8602972"]
[BlackFideId "12401102"]
[EventDate "2017.12.29"]

1. e4 c6 2. d4 d5 3. Nc3 dxe4 4. Nxe4 Bf5 5. Ng3 Bg6 6. N1e2 e6 7. Nf4 Bd6 8. h4
Qc7 9. Qf3 Ne7 10. Nxg6 hxg6 11. Bd3 Nf5 12. Nxf5 gxf5 13. Bg5 Qa5+ 14. Bd2 Qa4
15. Qe3 Be7 16. h5 Nd7 17. a3 O-O-O 18. b3 f4 19. Qxf4 e5 20. dxe5 Qxf4 21. Bxf4
Bc5 22. Bf5 g6 23. Bh3 Rxh5 24. Ke2 Bd4 25. Rad1 Bxe5 26. g4 Rxh3 27. Rxh3 Bxf4
28. Rhd3 Re8+ 29. Kf1 Ne5 30. Rd4 g5 31. Re1 Rh8 32. Kg2 Kc7 33. Red1 Re8 34.
Re1 Re6 35. Ree4 Rd6 36. f3 f6 37. c4 Rxd4 38. Rxd4 Be3 39. Re4 Bc1 40. a4 Kd6
41. Kf1 a5 42. Ke2 Bf4 43. Kf2 Kc5 44. Re2 Kb4 45. Kf1 Kxb3 46. c5 Kxa4 47. Rb2
Nd3 48. Rxb7 Nxc5 49. Rb6 Be5 50. Rxc6 Nd3 51. Ke2 Nb4 52. Rc5 Bd4 53. Rc4 Bb6
54. Rc8 Kb3 55. Rb8 Bd4 56. Kd2 a4 57. Rd8 Be5 58. Rc8 a3 59. Rc1 Bf4+ 0-1

[Event "World Blitz Women 2017"]
[Site "Riyadh KSA"]
[Date "2017.12.30"]
[Round "14.31"]
[White "Nguyen, Thi Mai Hung"]
[Black "Arakhamia-Grant, Ketevan"]
[Result "0-1"]
[WhiteTitle "WGM"]
[BlackTitle "GM"]
[WhiteElo "2321"]
[BlackElo "2350"]
[WhiteFideId "12401676"]
[BlackFideId "13600168"]
[EventDate "2017.12.29"]

1. d4 Nf6 2. Nf3 g6 3. g3 Bg7 4. Bg2 O-O 5. O-O c5 6. c3 d6 7. Re1 Nc6 8. Nbd2
e5 9. dxc5 dxc5 10. e4 Be6 11. Qe2 Nd7 12. Nc4 h6 13. a4 f5 14. Nh4 Kh7 15. exf5
gxf5 16. Nd6 Ne7 17. Nxb7 Qc7 18. a5 a6 19. Qd2 e4 20. Nd6 Rad8 21. Qf4 Ne5 22.
Nxe4 fxe4 23. Qxe4+ Kh8 24. Bf4 Bd5 25. Qe2 Rxf4 26. gxf4 N5g6 27. Nxg6+ Nxg6
28. Qg4 Nxf4 29. Bxd5 Rxd5 30. Kh1 Qc6 31. Qf3 Qf6 32. Re8+ Kh7 33. Qe4+ Qf5 34.
Qxf5+ Rxf5 35. Ra8 Rf6 36. Rd1 Nh3 37. Rd7 Rg6 38. Rxg7+ Rxg7 0-1

[Event "World Blitz Women 2017"]
[Site "Riyadh KSA"]
[Date "2017.12.30"]
[Round "14.32"]
[White "Szczepkowska, Karina"]
[Black "Ambartsumova, Karina"]
[Result "0-1"]
[WhiteTitle "IM"]
[BlackTitle "WGM"]
[WhiteElo "2419"]
[BlackElo "2359"]
[WhiteFideId "1122681"]
[BlackFideId "4166299"]
[EventDate "2017.12.29"]

1. b3 Nf6 2. Bb2 g6 3. Bxf6 exf6 4. c4 Bg7 5. Nc3 f5 6. Rc1 O-O 7. g3 d6 8. Bg2
Nc6 9. e3 Bd7 10. d4 a6 11. Nge2 Re8 12. O-O h5 13. Nd5 Rb8 14. a3 Ne7 15. Ndf4
c6 16. b4 Kh7 17. Nc3 Ng8 18. Qc2 Nf6 19. Rfd1 Qe7 20. a4 Ne4 21. Nxe4 fxe4 22.
d5 Bg4 23. Rd2 g5 24. Ne2 h4 25. Nd4 c5 26. bxc5 dxc5 27. Ne2 Bf5 28. d6 Qd7 29.
Rcd1 Rbd8 30. Nc3 Qe6 31. Rd5 Bg6 32. d7 Re7 33. Rd6 Qxc4 34. Rc1 Rdxd7 35. Rxd7
Rxd7 36. h3 hxg3 37. fxg3 Rd3 38. Nxe4 Qxc2 39. Rxc2 Rxe3 40. Nxg5+ Kh6 41. Nf3
Bxc2 0-1